[Event "Gibraltar Challengers op-B"]
[Site "Caleta"]
[Date "2019.01.27"]
[Round "2"]
[White "Orndahl, Markus"]
[Black "Hamer, Martyn"]
[Result "1-0"]
[WhiteElo "2173"]
[BlackElo "2046"]
[PlyCount "101"]
[EventDate "2019.01.26"]
[EventType "swiss"]
[EventRounds "5"]
[EventCountry "GGB"]
[SourceTitle "CBM 188 Extra"]
[Source "ChessBase"]
[SourceDate "2019.02.26"]
[SourceVersion "1"]
[SourceVersionDate "2019.02.26"]
[SourceQuality "1"]

1. e4 e5 2. Nc3 Nf6 3. g3 Nc6 4. Bg2 Bc5 5. d3 0-0 6. Nge2 a6 7. 0-0 d6 8. h3 Nd4 9. Kh2 Re8 10. f4 Nxe2 11. Nxe2 exf4 12. Nxf4 Bb6 13. Qf3 Qe7 14. Bd2 c6 15. Bc3 Bd8 16. Rae1 Be6 17. Re2 Qd7 18. Ref2 a5 19. a4 Rf8 20. Kh1 d5 21. e5 Ne8 22. Kh2 Nc7 23. Bd4 Be7 24. Qe3 Na6 25. Nh5 Kh8 26. b3 c5 27. Bb2 Nc7 28. c4 Rad8 29. Bc1 dxc4 30. dxc4 Qd3 31. Qxd3 Rxd3 32. Nf4 Rxb3 33. Nxe6 Nxe6 34. Rxf7 Re8 35. Bd5 Rb6 36. h4 h6 37. Kh3 g5 38. Be4 Kg8 39. h5 Bf8 40. Bh7+ Kh8 41. Bg6 Rd8 42. Be4 Bg7 43. Bd5 Nd4 44. Re7 Rf8 45. Rxf8+ Bxf8 46. Re8 Kg7 47. Ra8 Rb3 48. Bd2 Rd3 49. Bxa5 Nf5 50. Be4 Rxg3+ 51. Kh2 1-0

[Event "Gibraltar Challengers op-B"]
[Site "Caleta"]
[Date "2019.01.26"]
[Round "1"]
[White "Vinal Gutierrez, Pedro"]
[Black "Orndahl, Markus"]
[Result "0-1"]
[WhiteElo "1997"]
[BlackElo "2173"]
[PlyCount "100"]
[EventDate "2019.01.26"]
[EventType "swiss"]
[EventRounds "5"]
[EventCountry "GGB"]
[SourceTitle "CBM 188 Extra"]
[Source "ChessBase"]
[SourceDate "2019.02.26"]
[SourceVersion "1"]
[SourceVersionDate "2019.02.26"]
[SourceQuality "1"]

1. d4 Nf6 2. Bf4 g6 3. e3 Bg7 4. Nf3 d6 5. h3 0-0 6. Be2 b6 7. 0-0 Bb7 8. c4 Ne4 9. Nbd2 Nd7 10. Qc2 Nxd2 11. Qxd2 e5 12. Bh2 e4 13. Ne1 Qe7 14. b4 a5 15. b5 f5 16. Nc2 Kh8 17. Rac1 Rf7 18. d5 Nc5 19. Nd4 Re8 20. Kh1 Ref8 21. Nb3 Nxb3 22. axb3 Qh4 23. Bg3 Qh6 24. f3 exf3 25. Rxf3 Bc8 26. c5 dxc5 27. Bc4 Bb7 28. Qf2 g5 29. Bh2 f4 30. exf4 gxf4 31. Re1 Bd4 32. Qd2 Qg5 33. Re4 Be5 34. Rd3 Bd6 35. Qe2 Rg7 36. Re8 Rxe8 37. Qxe8+ Rg8 38. Qe2 Bc8 39. Rd1 Bd7 40. Bg1 Re8 41. Qf1 Qe5 42. Qf2 Qc3 43. Rd3 Qe1 44. Qf3 Qe2 45. Qxe2 Rxe2 46. Rd1 Rc2 47. Rf1 a4 48. Ra1 axb3 49. Bxb3 Rb2 50. Bc4 Bxb5 0-1

[Event "SWE-chT 1718 Superettan"]
[Site "Sweden"]
[Date "2018.03.18"]
[Round "9.2"]
[White "Anderzen, Robert"]
[Black "Orndahl, Markus"]
[Result "1-0"]
[WhiteElo "2120"]
[BlackElo "2179"]
[PlyCount "51"]
[EventDate "2017.10.20"]
[EventType "team-tourn"]
[EventRounds "9"]
[EventCountry "SWE"]
[SourceTitle "EXT 2019"]
[Source "ChessBase"]
[SourceDate "2018.10.10"]
[SourceVersion "1"]
[SourceVersionDate "2018.10.10"]
[SourceQuality "1"]
[WhiteTeam "Orgryte"]
[BlackTeam "Vasteras"]
[WhiteTeamCountry "SWE"]
[BlackTeamCountry "SWE"]

1. d4 d5 2. c4 c6 3. Nf3 Nf6 4. Nc3 a6 5. a4 e6 6. Qb3 dxc4 7. Qxc4 b5 8. Qd3 Bb7 9. Bg5 Be7 10. e3 b4 11. Nb1 c5 12. Nbd2 0-0 13. Be2 h6 14. Bh4 cxd4 15. exd4 Nc6 16. 0-0 Qd5 17. Rfd1 Nh5 18. Bg3 Nxg3 19. hxg3 Rad8 20. Nb3 Na5 21. Nxa5 Qxa5 22. Ne5 Bf6 23. Qe3 Bd5 24. Rdc1 Bg5 25. f4 Be7 26. Kh1 1-0

[Event "PRO League KO Stage"]
[Site "Chess.com INT"]
[Date "2018.03.13"]
[Round "1"]
[White "Borisek, Jure"]
[Black "Orndahl, Markus"]
[Result "1-0"]
[WhiteElo "2576"]
[BlackElo "2186"]
[PlyCount "89"]
[EventDate "2018.03.13"]
[EventType "team-k.o. (rapid)"]
[EventRounds "4"]
[EventCountry "USA"]
[SourceTitle "CBM 183 Extra"]
[Source "ChessBase"]
[SourceDate "2018.04.19"]
[SourceVersion "1"]
[SourceVersionDate "2018.04.19"]
[SourceQuality "1"]
[WhiteTeam "Ljubljana Turtles"]
[BlackTeam "Stockholm Snowballs"]
[WhiteTeamCountry "SLO"]
[BlackTeamCountry "SWE"]

1. e4 e6 2. d4 d5 3. Nd2 dxe4 4. Nxe4 Bd7 5. Nf3 Bc6 6. Bd3 Nd7 7. 0-0 Ngf6 8. Ng3 Bd6 9. Re1 Be7 10. Qe2 Bxf3 11. Qxf3 c6 12. c3 0-0 13. Bf4 Nd5 14. Bd2 Bg5 15. Rad1 Bxd2 16. Rxd2 Qf6 17. Qd1 Rad8 18. c4 Nf4 19. Bb1 Nb6 20. b3 Ng6 21. Ne4 Qe7 22. g3 Rfe8 23. Qh5 Nf8 24. Ng5 h6 25. Nf3 Nbd7 26. Qa5 a6 27. Rde2 Nf6 28. Kg2 Qd6 29. h4 Rc8 30. Qc3 Red8 31. b4 b6 32. a4 c5 33. dxc5 bxc5 34. b5 axb5 35. axb5 N8d7 36. Qc2 Qc7 37. Kg1 Ra8 38. Rd2 Qa5 39. Red1 Nf8 40. Ne5 Rxd2 41. Rxd2 Ne4 42. Qxe4 Qxd2 43. Qxa8 Qc1+ 44. Kg2 Qxb1 45. Nd7 1-0

[Event "PRO League KO Stage"]
[Site "Chess.com INT"]
[Date "2018.03.13"]
[Round "1"]
[White "Orndahl, Markus"]
[Black "Lenic, Luka"]
[Result "0-1"]
[WhiteElo "2186"]
[BlackElo "2662"]
[PlyCount "124"]
[EventDate "2018.03.13"]
[EventType "team-k.o. (rapid)"]
[EventRounds "4"]
[EventCountry "USA"]
[SourceTitle "CBM 183 Extra"]
[Source "ChessBase"]
[SourceDate "2018.04.19"]
[SourceVersion "1"]
[SourceVersionDate "2018.04.19"]
[SourceQuality "1"]
[WhiteTeam "Stockholm Snowballs"]
[BlackTeam "Ljubljana Turtles"]
[WhiteTeamCountry "SWE"]
[BlackTeamCountry "SLO"]

1. e4 c6 2. d3 d5 3. Nd2 e5 4. Ngf3 Bd6 5. g3 Nf6 6. Bg2 0-0 7. 0-0 Re8 8. Re1 d4 9. a4 c5 10. Rf1 Nc6 11. Nh4 Bf8 12. Nc4 g6 13. h3 Be6 14. b3 a6 15. Bd2 b5 16. Na3 Rb8 17. axb5 axb5 18. Kh2 Nd7 19. Qc1 Be7 20. Nf3 f6 21. Nh4 Qb6 22. f4 Bf7 23. Qd1 Ra8 24. Qg4 Qb7 25. Nf5 Bf8 26. fxe5 Ndxe5 27. Qh4 gxf5 28. Qxf6 Bg7 29. Qg5 h6 30. Qf4 Ng6 31. Qxf5 Nce5 32. Qf2 Ra6 33. Nxb5 Qxb5 34. Rxa6 Qxa6 35. Qf5 Rf8 36. Qh5 Nf4 37. Qd1 Nxg2 38. Kxg2 Qg6 39. Bf4 Be6 40. Kh2 h5 41. Qe2 Bc8 42. Qg2 Qe6 43. Rf2 Ng6 44. Rf1 h4 45. Rf2 Kh7 46. Qf1 hxg3+ 47. Bxg3 Rxf2+ 48. Bxf2 Qf6 49. Qg2 Nf4 50. Qf3 Nxh3 51. Qxf6 Bxf6 52. Bg3 Be7 53. Kg2 Ng5 54. Be5 Bg4 55. c3 dxc3 56. Bxc3 Bd1 57. d4 Nxe4 58. Bb2 Bf6 59. Kf1 Bxd4 60. Bxd4 cxd4 61. Ke1 Bf3 62. b4 d3 0-1

[Event "PRO League KO Stage"]
[Site "Chess.com INT"]
[Date "2018.03.13"]
[Round "1"]
[White "Sebenik, Matej"]
[Black "Orndahl, Markus"]
[Result "1/2-1/2"]
[WhiteElo "2562"]
[BlackElo "2186"]
[PlyCount "156"]
[EventDate "2018.03.13"]
[EventType "team-k.o. (rapid)"]
[EventRounds "4"]
[EventCountry "USA"]
[SourceTitle "CBM 183 Extra"]
[Source "ChessBase"]
[SourceDate "2018.04.19"]
[SourceVersion "1"]
[SourceVersionDate "2018.04.19"]
[SourceQuality "1"]
[WhiteTeam "Ljubljana Turtles"]
[BlackTeam "Stockholm Snowballs"]
[WhiteTeamCountry "SLO"]
[BlackTeamCountry "SWE"]

1. Nf3 Nf6 2. c4 c6 3. g3 d5 4. Bg2 g6 5. b3 Bg7 6. Bb2 0-0 7. 0-0 a5 8. d4 Na6 9. cxd5 cxd5 10. Nc3 Bf5 11. Ne5 Rc8 12. Rc1 Nb4 13. h3 h5 14. f4 Qd6 15. e3 Qe6 16. Kh2 Rfd8 17. Qe2 Qa6 18. Qxa6 bxa6 19. Rfd1 Ne4 20. a3 Nxc3 21. Rxc3 Rxc3 22. Bxc3 Rc8 23. Bd2 Na2 24. Bxa5 Bc2 25. Rd2 Bxb3 26. Rb2 Nc1 27. Bd2 Ba4 28. Bxc1 Rxc1 29. Rb8+ Bf8 30. Bxd5 e6 31. Bb3 Bxb3 32. Rxb3 Rc2+ 33. Kg1 Kg7 34. Nd7 Be7 35. a4 Rc1+ 36. Kf2 Ra1 37. Nc5 Bxc5 38. dxc5 Rxa4 39. Rc3 Ra2+ 40. Kf3 Rb2 41. c6 Rb8 42. Ke4 Kf6 43. Kd4 Ke7 44. Kc5 Rb5+ 45. Kc4 Kd6 46. Kd4 Rd5+ 47. Ke4 f5+ 48. Kf3 Kc7 49. g4 hxg4+ 50. hxg4 Rd6 51. g5 Rxc6 52. Rb3 Rb6 53. Rc3+ Rc6 54. Rb3 a5 55. Ra3 Ra6 56. Ke2 Kc6 57. Kd3 Kb5 58. Kc3 Rc6+ 59. Kd4 Kb4 60. Ra1 a4 61. Ke5 Kb3 62. Kf6 a3 63. Kxg6 Kb2 64. Rd1 Rc3 65. Kf7 Rxe3 66. g6 Rg3 67. g7 a2 68. g8Q Rxg8 69. Kxg8 a1Q 70. Rxa1 Kxa1 71. Kf7 e5 72. fxe5 f4 73. e6 f3 74. e7 f2 75. e8Q f1Q+ 76. Ke7 Qf2 77. Qa4+ Qa2 78. Qxa2+ Kxa2 1/2-1/2

[Event "PRO League Stage"]
[Site "Chess.com INT"]
[Date "2018.03.07"]
[Round "9"]
[White "Orndahl, Markus"]
[Black "Libiszewski, Fabien"]
[Result "0-1"]
[WhiteElo "2186"]
[BlackElo "2530"]
[PlyCount "90"]
[EventDate "2018.01.18"]
[EventType "team-swiss (rapid)"]
[EventRounds "9"]
[EventCountry "USA"]
[SourceTitle "EXT 2019"]
[Source "ChessBase"]
[SourceDate "2018.10.10"]
[SourceVersion "1"]
[SourceVersionDate "2018.10.10"]
[SourceQuality "1"]
[WhiteTeam "Stockholm Snowballs"]
[BlackTeam "Cannes Blockbusters"]
[WhiteTeamCountry "SWE"]
[BlackTeamCountry "FRA"]

1. d4 Nf6 2. Bf4 d5 3. e3 c5 4. c3 Qb6 5. Qb3 c4 6. Qc2 g6 7. Nd2 Bf5 8. Qa4+ Nc6 9. b3 cxb3 10. axb3 Bg7 11. b4 0-0 12. h3 e5 13. dxe5 Nh5 14. Ngf3 Nxf4 15. exf4 f6 16. b5 Ne7 17. Be2 g5 18. exf6 Bxf6 19. fxg5 Bxc3 20. 0-0 Bxa1 21. Rxa1 Bg6 22. h4 Nf5 23. Qg4 Rae8 24. Bf1 Ng7 25. Qd4 Qxd4 26. Nxd4 Rf4 27. N4f3 Ra8 28. g3 Rb4 29. Ne5 Be8 30. Bg2 Rxb5 31. Ndf3 Ne6 32. Bh3 Ng7 33. Ng4 a5 34. Nfe5 d4 35. Bf1 Rc5 36. Bc4+ Kh8 37. Rd1 a4 38. Rxd4 a3 39. Nf7+ Bxf7 40. Bxf7 b5 41. Nh6 Nf5 42. Nxf5 Rxf5 43. Ba2 Rc5 44. Rd2 b4 45. f4 Rc3 0-1

[Event "EU-ch blitz"]
[Site "Katowice"]
[Date "2017.12.15"]
[Round "10"]
[White "Arnaudov, Petar G"]
[Black "Orndahl, Markus"]
[Result "1-0"]
[WhiteElo "2439"]
[BlackElo "2182"]
[PlyCount "110"]
[EventDate "2017.12.15"]
[EventType "swiss (blitz)"]
[EventRounds "22"]
[EventCountry "POL"]
[SourceTitle "CBM 182 Extra"]
[Source "ChessBase"]
[SourceDate "2018.02.23"]
[SourceVersion "1"]
[SourceVersionDate "2018.02.23"]
[SourceQuality "1"]

1. Nf3 Nf6 2. c4 c6 3. g3 d5 4. Bg2 g6 5. b3 Bg7 6. Bb2 0-0 7. d3 a5 8. a3 Na6 9. Nbd2 Bg4 10. h3 Bf5 11. 0-0 Qb6 12. Rb1 Rfd8 13. Qc2 d4 14. Rfc1 c5 15. Ba1 Qc7 16. Re1 e5 17. Rbd1 h6 18. e4 Be6 19. Kh2 Rf8 20. Ng1 Nh7 21. Bb2 Qd7 22. Rf1 Qc7 23. Bc1 Nb8 24. f4 exf4 25. gxf4 f5 26. e5 Nc6 27. Kh1 Qe7 28. Ndf3 Kh8 29. Qf2 g5 30. Rde1 Rg8 31. Ne2 Raf8 32. Ng3 g4 33. Nh2 Qh4 34. hxg4 fxg4 35. Bxc6 bxc6 36. Qg2 Bf5 37. Nxf5 Rxf5 38. Qxg4 Qxg4 39. Nxg4 Bf8 40. Nh2 a4 41. bxa4 Be7 42. Bd2 Nf8 43. Rb1 Ne6 44. Rb7 Bh4 45. Rb6 Rh5 46. Be1 Bxe1 47. Rxe1 Nxf4 48. Rg1 Re8 49. Rf1 Nxd3 50. Rb7 Nxe5 51. a5 d3 52. a6 Ra8 53. a7 Rf8 54. Rb8 Rg5 55. Rbxf8+ Rg8 1-0

[Event "EU-ch blitz"]
[Site "Katowice"]
[Date "2017.12.15"]
[Round "13"]
[White "Orndahl, Markus"]
[Black "Krzyzanowski, Marcin"]
[Result "0-1"]
[WhiteElo "2182"]
[BlackElo "2457"]
[PlyCount "54"]
[EventDate "2017.12.15"]
[EventType "swiss (blitz)"]
[EventRounds "22"]
[EventCountry "POL"]
[SourceTitle "CBM 182 Extra"]
[Source "ChessBase"]
[SourceDate "2018.02.23"]
[SourceVersion "1"]
[SourceVersionDate "2018.02.23"]
[SourceQuality "1"]

1. e4 c5 2. Nf3 d6 3. Nc3 Nf6 4. e5 dxe5 5. Nxe5 e6 6. Bb5+ Nfd7 7. d4 a6 8. Bxd7+ Nxd7 9. Qh5 Nxe5 10. dxe5 Bd7 11. Bg5 Qb6 12. 0-0-0 Bc6 13. Rd2 h6 14. Rhd1 Be7 15. Bxe7 Kxe7 16. Qh4+ g5 17. Qg3 Rad8 18. Rxd8 Rxd8 19. Rxd8 Qxd8 20. h4 Kf8 21. hxg5 Qxg5+ 22. Qxg5 hxg5 23. f3 Kg7 24. Kd2 Kg6 25. Ne4 Bxe4 26. fxe4 Kh5 27. Ke2 Kg4 0-1

[Event "EU-ch blitz"]
[Site "Katowice"]
[Date "2017.12.15"]
[Round "8"]
[White "Orndahl, Markus"]
[Black "Malinowski, Damian"]
[Result "1-0"]
[WhiteElo "2182"]
[BlackElo "2032"]
[PlyCount "45"]
[EventDate "2017.12.15"]
[EventType "swiss (blitz)"]
[EventRounds "22"]
[EventCountry "POL"]
[SourceTitle "CBM 182 Extra"]
[Source "ChessBase"]
[SourceDate "2018.02.23"]
[SourceVersion "1"]
[SourceVersionDate "2018.02.23"]
[SourceQuality "1"]

1. d4 d5 2. Bf4 c6 3. e3 Nf6 4. Nf3 Bg4 5. h3 Bh5 6. c4 e6 7. Nc3 Bd6 8. Qb3 b6 9. Ne5 0-0 10. cxd5 exd5 11. Rc1 Bxe5 12. Bxe5 Nbd7 13. Bg3 Rc8 14. Ba6 Ne4 15. Nxe4 dxe4 16. 0-0 c5 17. Bxc8 Qxc8 18. Bd6 Re8 19. dxc5 bxc5 20. Qb5 Ne5 21. Rxc5 Nf3+ 22. Kh1 Qe6 23. Rxh5 1-0

[Event "EU-ch blitz"]
[Site "Tallinn"]
[Date "2016.12.17"]
[Round "4"]
[White "Kovalenko, Igor"]
[Black "Orndahl, Markus"]
[Result "1-0"]
[WhiteElo "2684"]
[BlackElo "2155"]
[PlyCount "63"]
[EventDate "2016.12.17"]
[EventType "swiss (blitz)"]
[EventRounds "26"]
[EventCountry "EST"]
[SourceTitle "CBM 176 Extra"]
[Source "ChessBase"]
[SourceDate "2017.03.02"]
[SourceVersion "1"]
[SourceVersionDate "2017.03.02"]
[SourceQuality "1"]

1. c4 c6 2. Nf3 Nf6 3. Nc3 d5 4. e3 a6 5. h3 g6 6. b4 Bg7 7. Bb2 0-0 8. d4 Bf5 9. Qb3 Ne4 10. a4 Nxc3 11. Bxc3 Re8 12. Be2 Be4 13. 0-0 Bxf3 14. Bxf3 e6 15. b5 Nd7 16. Rfc1 Nb6 17. bxc6 bxc6 18. Ba5 Rb8 19. cxd5 Nxd5 20. Bxd8 Rxb3 21. Ba5 c5 22. Rxc5 Nxe3 23. fxe3 Rxe3 24. Rd1 h5 25. Bc7 Ra3 26. a5 Ra2 27. Bc6 Rc8 28. Bb7 Re8 29. Bxa6 e5 30. d5 e4 31. d6 Bf6 32. d7 1-0

[Event "EU-ch blitz"]
[Site "Tallinn"]
[Date "2016.12.17"]
[Round "3"]
[White "Orndahl, Markus"]
[Black "Kovalenko, Igor"]
[Result "0-1"]
[WhiteElo "2155"]
[BlackElo "2684"]
[PlyCount "172"]
[EventDate "2016.12.17"]
[EventType "swiss (blitz)"]
[EventRounds "26"]
[EventCountry "EST"]
[SourceTitle "CBM 176 Extra"]
[Source "ChessBase"]
[SourceDate "2017.03.02"]
[SourceVersion "1"]
[SourceVersionDate "2017.03.02"]
[SourceQuality "1"]

1. e4 c5 2. Nf3 Nc6 3. Bb5 g6 4. Bxc6 bxc6 5. 0-0 Bg7 6. Re1 Nh6 7. h3 0-0 8. c3 f5 9. e5 Nf7 10. d4 cxd4 11. cxd4 c5 12. dxc5 Qc7 13. Nc3 Bb7 14. Bf4 e6 15. b4 h6 16. h4 Rab8 17. Nb5 Qc6 18. a4 g5 19. hxg5 hxg5 20. Nxa7 Qa6 21. Nxg5 Nxg5 22. Bxg5 Qxa7 23. Be7 Bd5 24. Bxf8 Kxf8 25. Qd2 Qb7 26. f3 Qxb4 27. Qxb4 Rxb4 28. a5 Rb7 29. a6 Ra7 30. Kf2 Kf7 31. f4 Bf8 32. Rec1 Be7 33. g3 Bc6 34. Ke3 Bb5 35. Rcb1 Rxa6 36. Rxa6 Bxc5+ 37. Kf3 Bxa6 38. g4 fxg4+ 39. Kxg4 Be2+ 40. Kg3 Ke7 41. Re1 Bd3 42. Rd1 Bf5 43. Rc1 Bb6 44. Rd1 Bc7 45. Rd2 Kd8 46. Rd1 Kc8 47. Rc1 Kb7 48. Rd1 Kc8 49. Rc1 Be4 50. Rd1 Bb6 51. Rc1+ Kb7 52. Rd1 Kc6 53. Rc1+ Bc5 54. Rd1 Bf5 55. Rc1 Be4 56. Rd1 Kc7 57. Rc1 Kc6 58. Rd1 Bf5 59. Rc1 d6 60. exd6 Kxd6 61. Rd1+ Ke7 62. Rc1 Kd6 63. Rd1+ Kc6 64. Rc1 Kd5 65. Rd1+ Bd4 66. Re1 Kc4 67. Rd1 Kc3 68. Rc1+ Kd2 69. Rc6 Ke2 70. Ra6 Bf2+ 71. Kg2 Be1 72. Ra2+ Ke3 73. Ra1 Bh4 74. Ra4 Be1 75. Ra1 Be4+ 76. Kh3 Bf5+ 77. Kg2 Bh4 78. Ra4 Bg4 79. Rb4 Be1 80. Ra4 Bf5 81. Kf1 Bg3 82. Kg2 Bxf4 83. Ra3+ Ke4 84. Ra4+ Ke3 85. Ra3+ Bd3 86. Ra4 e5 0-1

[Event "SWE-chT2 1617"]
[Site "Sweden"]
[Date "2016.10.14"]
[Round "1.4"]
[White "Ottosson, Bjorn"]
[Black "Orndahl, Markus"]
[Result "0-1"]
[WhiteElo "1727"]
[BlackElo "2167"]
[PlyCount "78"]
[EventDate "2016.10.14"]
[EventType "team-tourn"]
[EventRounds "9"]
[EventCountry "SWE"]
[SourceTitle "EXT 2017"]
[Source "ChessBase"]
[SourceDate "2016.10.25"]
[SourceVersion "1"]
[SourceVersionDate "2016.10.25"]
[SourceQuality "1"]
[WhiteTeam "Vaxjo"]
[BlackTeam "Stockholm Rockaden II"]
[WhiteTeamCountry "SWE"]
[BlackTeamCountry "SWE"]

1. c4 Nf6 2. Nc3 g6 3. Nf3 Bg7 4. g3 0-0 5. Bg2 d6 6. d4 Nc6 7. 0-0 h6 8. Re1 e5 9. dxe5 dxe5 10. Nd5 Bf5 11. Nh4 Be6 12. e4 Nd4 13. b3 c6 14. Nxf6+ Qxf6 15. Be3 Rfd8 16. Bxd4 Rxd4 17. Qe2 a5 18. Nf3 Rd7 19. Red1 Rxd1+ 20. Rxd1 a4 21. b4 a3 22. Qd3 Bf8 23. Qc3 Ra4 24. Rb1 Qe7 25. c5 Bxa2 26. Ra1 Qe6 27. Nd2 b5 28. cxb6 Rxb4 29. Qc2 Rb2 30. Qd3 Rxb6 31. Qd8 Rb2 32. Bf1 Qd6 33. Qxd6 Bxd6 34. Nc4 Bc5 35. Nxe5 Bxf2+ 36. Kh1 Bd4 37. Nxg6 Bb1 38. Nf4 Bxe4+ 39. Bg2 Rxg2 0-1

[Event "SWE-chT 1516 Superettan"]
[Site "Sweden"]
[Date "2016.03.19"]
[Round "8"]
[White "Orndahl, Markus"]
[Black "Nikolic, Vladan"]
[Result "1-0"]
[WhiteElo "2150"]
[BlackElo "2050"]
[PlyCount "63"]
[EventDate "2015.11.06"]
[EventType "team-tourn"]
[EventRounds "9"]
[EventCountry "SWE"]
[SourceTitle "EXT 2018"]
[Source "ChessBase"]
[SourceDate "2017.10.13"]
[SourceVersion "1"]
[SourceVersionDate "2017.10.13"]
[SourceQuality "1"]
[WhiteTeam "Vasteras II"]
[BlackTeam "Stockholm Rockaden II"]
[WhiteTeamCountry "SWE"]
[BlackTeamCountry "SWE"]

1. d4 Nf6 2. Nf3 g6 3. Bf4 Bg7 4. e3 0-0 5. Be2 d6 6. c4 c5 7. Nc3 Bf5 8. Nh4 Bd7 9. h3 Qa5 10. Qd2 h6 11. Nf3 Kh7 12. d5 Qd8 13. e4 Ne8 14. 0-0 Nc7 15. Rfe1 Bc8 16. e5 dxe5 17. Nxe5 Nd7 18. Bd3 Ne8 19. Nxd7 Bxd7 20. Qe3 e6 21. Qxc5 a6 22. Rad1 Rc8 23. Qb4 b6 24. Be3 Rb8 25. dxe6 fxe6 26. c5 bxc5 27. Qg4 Qf6 28. Ne4 Qf7 29. Ng5+ hxg5 30. Qh5+ Bh6 31. Bxg5 Qg7 32. Bxh6 1-0

[Event "SWE-chT 1516 Superettan"]
[Site "Sweden"]
[Date "2015.11.08"]
[Round "3"]
[White "Orndahl, Markus"]
[Black "Aabling Thomsen, Jakob"]
[Result "1-0"]
[WhiteElo "2150"]
[BlackElo "2350"]
[PlyCount "93"]
[EventDate "2015.11.06"]
[EventType "team-tourn"]
[EventRounds "9"]
[EventCountry "SWE"]
[SourceTitle "EXT 2018"]
[Source "ChessBase"]
[SourceDate "2017.10.13"]
[SourceVersion "1"]
[SourceVersionDate "2017.10.13"]
[SourceQuality "1"]
[WhiteTeam "Vasteras II"]
[BlackTeam "Vaxjo"]
[WhiteTeamCountry "SWE"]
[BlackTeamCountry "SWE"]

1. e4 c5 2. Nc3 g6 3. Bc4 Bg7 4. f4 Nc6 5. Nf3 e6 6. a3 Nge7 7. d3 d5 8. Ba2 b5 9. 0-0 b4 10. axb4 cxb4 11. Na4 0-0 12. e5 a5 13. Be3 f6 14. Bb6 Qe8 15. exf6 Bxf6 16. Qe1 Bd7 17. Bb3 h6 18. g4 Qf7 19. Qg3 Qg7 20. Rfe1 Bxb2 21. Nxb2 Qxb2 22. Bc7 Qg7 23. Bd6 Nd4 24. Nxd4 Qxd4+ 25. Kg2 Rf7 26. Be5 Qc5 27. f5 Ra6 28. f6 Nc6 29. Bd6 Qd4 30. Qh4 Kh7 31. Qg3 e5 32. h3 Rxf6 33. Bc7 Rf7 34. Rf1 Rf4 35. Bxe5 Qxe5 36. Qxf4 Qxf4 37. Rxf4 Be6 38. Ba4 g5 39. Rf2 Nd4 40. Re1 Kg7 41. Kg3 Ra8 42. h4 gxh4+ 43. Kxh4 Rc8 44. Rf4 Nxc2 45. Rxe6 Na3 46. Re7+ Kg8 47. Bd7 1-0

[Event "Rilton Cup 44th"]
[Site "Stockholm"]
[Date "2015.01.05"]
[Round "9"]
[White "Orndahl, Markus"]
[Black "Engstrom, Kaj"]
[Result "1-0"]
[WhiteElo "2188"]
[BlackElo "2261"]
[PlyCount "159"]
[EventDate "2014.12.27"]
[EventType "swiss"]
[EventRounds "9"]
[EventCountry "SWE"]
[SourceTitle "CBM 164 Extra"]
[Source "ChessBase"]
[SourceDate "2015.03.02"]
[SourceVersion "1"]
[SourceVersionDate "2015.03.02"]
[SourceQuality "1"]

1. d4 d5 2. Nf3 e6 3. Bf4 c5 4. c3 Nc6 5. e3 Bd6 6. Bg3 Nf6 7. Nbd2 0-0 8. Bd3 Re8 9. Ne5 Bxe5 10. dxe5 Nd7 11. Qc2 Ndxe5 12. Bxh7+ Kh8 13. Nf3 Nxf3+ 14. gxf3 Qf6 15. Bd3 Qxf3 16. Rg1 e5 17. Be2 Qf5 18. Qb3 d4 19. e4 Qxe4 20. Qxf7 Bg4 21. f3 Qf5 22. Qxb7 dxc3 23. bxc3 Nd4 24. cxd4 exd4 25. fxg4 Rxe2+ 26. Kxe2 Re8+ 27. Kd2 Qg5+ 28. Kd3 Qe3+ 29. Kc4 Qc3+ 30. Kb5 Qb4+ 31. Kc6 Re6+ 32. Kd7 Qxb7+ 33. Kxe6 c4 34. g5 Qe4+ 35. Be5 Qc6+ 36. Bd6 Qe4+ 37. Be5 Qc6+ 38. Ke7 Qb7+ 39. Kd6 Qb6+ 40. Kd5 Qb7+ 41. Kxc4 Qc6+ 42. Kxd4 Qb6+ 43. Ke4 Qc6+ 44. Kf4 Qc4+ 45. Ke3 Qe6 46. Ke4 Qc4+ 47. Bd4 Qe2+ 48. Be3 Qc2+ 49. Kf3 Qf5+ 50. Bf4 Qd3+ 51. Be3 Qd5+ 52. Kg3 Kh7 53. g6+ Kxg6 54. Kf2+ Kh7 55. Rg3 Qe5 56. Re1 Qd5 57. Kg1 a5 58. a3 a4 59. Bf2 Kg8 60. h3 Qd2 61. Re7 Kh8 62. Re8+ Kh7 63. Re5 Qf4 64. Rh5+ Kg8 65. Rhg5 Kh8 66. R5g4 Qc1+ 67. Kh2 Qb2 68. Kg2 Qc2 69. Rf3 Kg8 70. h4 Qd1 71. Rg5 Qe2 72. h5 Kh7 73. Rfg3 Qe4+ 74. Kh2 Qh4+ 75. Kg1 Kh8 76. R3g4 Qh3 77. h6 g6 78. Rxg6 Qf3 79. Bd4+ Kh7 80. Rg7+ 1-0

[Event "SWE-chT 1415 Elite"]
[Site "Sweden"]
[Date "2014.11.22"]
[Round "2"]
[White "Orndahl, Markus"]
[Black "Penalver, Osmani"]
[Result "0-1"]
[WhiteElo "2188"]
[BlackElo "2272"]
[PlyCount "50"]
[EventDate "2014.11.21"]
[EventType "team-tourn"]
[EventRounds "9"]
[EventCountry "SWE"]
[SourceTitle "EXT 2016"]
[Source "ChessBase"]
[SourceDate "2015.10.08"]
[SourceVersion "1"]
[SourceVersionDate "2015.10.08"]
[SourceQuality "1"]
[WhiteTeam "Vasteras"]
[BlackTeam "Limhamn"]
[WhiteTeamCountry "SWE"]
[BlackTeamCountry "SWE"]

1. e4 c5 2. Nf3 d6 3. d4 cxd4 4. Nxd4 Nf6 5. Nc3 a6 6. Bc4 e6 7. Bb3 Bd7 8. Be3 Nc6 9. f3 Qc7 10. Qd2 Nxd4 11. Qxd4 Bc6 12. 0-0-0 b5 13. g4 Qb7 14. Rhe1 Nd7 15. f4 a5 16. Bd5 b4 17. Bxc6 Qxc6 18. Ne2 Rc8 19. Rd2 Nf6 20. Ng3 Nxg4 21. Bg1 e5 22. Qa7 Ra8 23. Qxa8+ Qxa8 24. h3 exf4 25. Nf5 Ne5 0-1

[Event "SWE-chT 1415 Elite"]
[Site "Sweden"]
[Date "2014.11.21"]
[Round "1"]
[White "Ornstein, Axel"]
[Black "Orndahl, Markus"]
[Result "1/2-1/2"]
[WhiteElo "2329"]
[BlackElo "2188"]
[PlyCount "90"]
[EventDate "2014.11.21"]
[EventType "team-tourn"]
[EventRounds "9"]
[EventCountry "SWE"]
[SourceTitle "EXT 2016"]
[Source "ChessBase"]
[SourceDate "2015.10.08"]
[SourceVersion "1"]
[SourceVersionDate "2015.10.08"]
[SourceQuality "1"]
[WhiteTeam "Eksjo"]
[BlackTeam "Vasteras"]
[WhiteTeamCountry "SWE"]
[BlackTeamCountry "SWE"]

1. d4 Nf6 2. Nf3 d5 3. c4 c6 4. Qb3 g6 5. Bf4 dxc4 6. Qxc4 Bg7 7. Nbd2 0-0 8. e4 Nbd7 9. Be2 Nh5 10. Bg5 h6 11. Be3 Qc7 12. e5 Nb6 13. Qc1 Nd5 14. Ne4 f5 15. exf6 exf6 16. Bc4 Kh7 17. 0-0 Nhf4 18. Nc3 Qd6 19. Re1 Bg4 20. Nd2 Rae8 21. Nde4 Qb8 22. Qd2 g5 23. Bb3 Bf5 24. Nc5 b6 25. Bc2 Qc8 26. N5e4 Rd8 27. Ng3 Bxc2 28. Qxc2+ f5 29. Bxf4 Nxf4 30. Re7 Rxd4 31. Rxa7 Kg6 32. Re1 Rd7 33. Rxd7 Qxd7 34. Nge2 Nxe2+ 35. Qxe2 Bf6 36. Rd1 Qe7 37. Qc4 Re8 38. h3 Qe6 39. Qd3 Rd8 40. Qc2 Rxd1+ 41. Qxd1 b5 42. Qd2 b4 43. Nd1 Qxa2 44. Qxb4 Qb1 45. Qd6 Qe4 1/2-1/2